000 00437nam a2200133Ia 4500
008 151021s9999 xx 000 0 und d
050 _aKD 2079.3 S49 2009
245 _a_Company Law CPA Study Text Paper No. 11/ Strathmore University
260 _aNairobi : Strathmore University 2009
300 _aix , 389 p.
500 _aIncludes index
650 _a_Nature and Classification of Companies
980 _a^d20120305 02:14:29^oanne
999 _c7214
_d7214